000 03298cam a22005894i 4500
003 PE-LiUPU
005 20250731173354.0
008 150706s2010 pe a rb 000 0 spa d
020 _a9789972987779
020 _a9786124598876
_q(volumen 1)
035 _a(Sirsi) i9789972987779
040 _aPE-LiUPU
_bspa
_cPE-LiUPU
_erda
049 _aPRUA
082 0 4 _a224.5
_bA42
_221
100 1 _aAlomía Bartra, Merling K,
_eautor.
245 1 0 _aDaniel :
_bel profeta mesiánico /
_cMerling Alomía Bartra.
250 _a3a. edición.
264 1 _aLima :
_bUniversidad PeruanaUnión,
_c2010.
300 _a2 volúmenes:
_bilustraciones ;
_c24 centímetros
336 _atext
_2rdacontent
337 _aunmediated
_2rdamedia
338 _avolume
_2rdacarrier
504 _aIncluye bibliografía.
504 _aBibliografía : páginas 517-528 (tomo 2).
504 _aÍndice : páginas 529-542.
505 0 _gTomo 2.
_tBabilonia vs. Jerusalén: símil minúsculo del conflicto cósmico -- Invitación a la ciudadanía del reino celestial -- La verdadera adoración desafiada por Babilonia -- Nabucodonosor, el ciudadano del reino de los cielos -- "Curamos a Babilonia y no quiso ser sanada" -- El misterio de los ángeles -- Sección profético - histórica -- El Mesías es el rey eterno -- El Mesías, sumo sacerdote del santuario celestial -- El Mesías en el calvario -- Daniel el varón muy amado de Dios -- Las guerras del "cuerno pequeño" desolador -- El Mesías triunfante y la recompensa de los justos.
526 _aSEG42
526 _aSEG41
526 _aSEG40
526 _aSEG39
526 _aP94
526 _aP87
526 _aP86
526 _aP85
526 _aP77
526 _aP76
526 _aP35
541 _g001-000020;
541 _g001-000020;
630 _aBiblia.
_pA.T.
_pDaniel
_xComentarios.
650 0 4 _aBabilonia (Ciudad desaparecida).
910 _bjv
_clch
_d20100907
942 _2ddc
_cBOOK
949 _a224.5 A42 2
_wDEWEY
_c1
_i62066
_d2016-12-5
_e2016-11-28
_lCCODEBUL1
_mBUL
_n81
_p19.00
_r0
_sY
_tBOOK
_u2015-7-6
_xTEOLOGIA
_zUNKNOWN
_0COMPRA
_o.STAFF. Colección General
949 _a224.5 A42 2
_wDEWEY
_c2
_i62065
_d2016-10-25
_e2016-10-25
_lCCODEBUL1
_mBUL
_n3
_p19.00
_r0
_sY
_tBOOK
_u2015-7-6
_xTEOLOGIA
_zUNKNOWN
_0COMPRA
_o.CIRCNOTE. IMPORTANTE!!!!!!! ESTE DOCUMENTO NO SE PRESTA. PRESTAR EL OTRO EJEMPLAR.
_o.STAFF. Colección General
994 _aC0
_bPEPRU
596 _a1 4
999 _a224.5 A42 2
_wDEWEY
_c51155
_i62066
_d51155
_e2019-9-30
_f2021-11-9
_g5
_lCCODEBUL1
_mBUL
_n131
_p19.00
_q50
_r0
_sY
_tBOOK
_u2015-7-6
_xTEOLOGIA
_zUNKNOWN
_0COMPRA
_o.STAFF. Colección Teología
999 _a224.5 A42 2
_wDEWEY
_c2
_i62065
_d2022-6-15
_e2019-11-4
_f2021-11-9
_g5
_lCCODEBUL1
_mBUL
_n18
_p19.00
_q65
_r0
_sY
_tBOOK
_u2015-7-6
_xTEOLOGIA
_PP35
_0COMPRA
_o.CIRCNOTE.
_o.STAFF. Colección Teología
999 _a224.5 A42 2
_wDEWEY
_c1
_iCW01484
_f2021-12-22
_g1
_lCCODECWL1
_mBWL
_p20.00
_r0
_sY
_tBOOK
_u2019-10-14
_xWHITE
_zUNKNOWN
_0COMPRA
_o.STAFF. Centro White
999 _a224.5 A42 2
_wDEWEY
_c2
_iCW01491
_f2021-12-22
_g1
_lCCODECWL1
_mBWL
_p20.00
_r0
_sY
_tBOOK
_u2019-10-28
_xWHITE
_zUNKNOWN
_0COMPRA
_o.STAFF. Centro White
980 _81
_gALBERTO SANCHEZ Responsable de Automatización